| 000 | 00512nam a22001697a 4500 | ||
|---|---|---|---|
| 999 |
_c62247 _d62247 |
||
| 005 | 20240903171936.0 | ||
| 008 | 240903c2001 enk||||| |||| 00| 0 geo d | ||
| 022 | _a0149 9246 | ||
| 041 | _aeng | ||
| 245 |
_aHastings International and Comparative Law Review : _b2001 / _cEditor D. Kubasak. |
||
| 260 |
_aCalifornia, _c2001. |
||
| 300 | _av. | ||
| 653 | _aსამართალი | ||
| 653 | _aპერიოდიკა | ||
| 700 |
_aKubasak, D. _eრედაქტორი _923153 |
||
| 942 |
_2udc _cCR |
||